| 000 | 00514nam a2200181Ia 4500 | ||
|---|---|---|---|
| 003 | IN-BaIIA | ||
| 008 | 211028s9999 xx 000 0 eng d | ||
| 040 | _cIIA Library | ||
| 080 |
_a50 _bALF |
||
| 100 |
_aAlfven, Hannes _94462 |
||
| 245 | 0 |
_aAtom, man and the universe _bthe long chain of complications _cHannes Alfven |
|
| 260 |
_aSan Francisco _bW. H. Freeman _c1969 |
||
| 300 | _a110p. | ||
| 650 |
_a General science _98505 |
||
| 650 |
_a Science-General _98506 |
||
| 650 | _aNASA Thesaurus | ||
| 942 | _cBK | ||
| 999 |
_c4783 _d4783 |
||